| 000 | 00535nam a2200205Ia 4500 | ||
|---|---|---|---|
| 005 | 20250127055212.0 | ||
| 008 | 240331s9999 xx 000 0 und d | ||
| 020 | _a0080349536 | ||
| 082 |
_bSPA _23561 _a304.63 |
||
| 245 | 0 |
_aMade To Order: _bThe Myth of Reproductive and Genetic Progress |
|
| 260 |
_aOxford _bPergamon Press _c1987 |
||
| 300 | _ax, 255 p., | ||
| 650 | _aReproduction | ||
| 650 | _aGenetics | ||
| 650 | _aMyths | ||
| 650 | _aFeminism | ||
| 700 |
_aSpallone, P _eedt |
||
| 700 |
_aSteinberg, D. L _eedt |
||
| 942 | _cL | ||
| 999 |
_c1473 _d1473 |
||